Microelectronic circuits / (Record no. 4577)
[ view plain ]
| 000 -LEADER | |
|---|---|
| fixed length control field | 00998 a2200325 4500 |
| 020 ## - INTERNATIONAL STANDARD BOOK NUMBER | |
| International Standard Book Number | 0-19-511690-9 |
| 020 ## - INTERNATIONAL STANDARD BOOK NUMBER | |
| International Standard Book Number | 0-19-511690-9 |
| 020 ## - INTERNATIONAL STANDARD BOOK NUMBER | |
| International Standard Book Number | 0-19-511690-9 |
| 040 ## - CATALOGING SOURCE | |
| Original cataloging agency | DLC |
| Language of cataloging | DLC |
| 082 0# - DEWEY DECIMAL CLASSIFICATION NUMBER | |
| Classification number | 621.381 |
| 082 0# - DEWEY DECIMAL CLASSIFICATION NUMBER | |
| Classification number | 621.381 |
| 082 0# - DEWEY DECIMAL CLASSIFICATION NUMBER | |
| Classification number | 621.381 |
| 100 1# - MAIN ENTRY--PERSONAL NAME | |
| Personal name | Sedra, Adel S. |
| 245 10 - TITLE STATEMENT | |
| Title | Microelectronic circuits / |
| Statement of responsibility, etc. | Adel S. Sedra, Kenneth C. Smith |
| 250 ## - EDITION STATEMENT | |
| Edition statement | 4. ed. |
| 260 ## - PUBLICATION, DISTRIBUTION, ETC. | |
| Place of publication, distribution, etc. | New York : |
| Name of publisher, distributor, etc. | Oxford Univ. Press, |
| Date of publication, distribution, etc. | 1998 |
| 300 ## - PHYSICAL DESCRIPTION | |
| Extent | xx, 1237, [102] s. : |
| Other physical details | ill. + |
| Accompanying material | 2 CD-ROM |
| 490 1# - SERIES STATEMENT | |
| Series statement | Oxford series in electrical engineering |
| 500 ## - GENERAL NOTE | |
| General note | Hä²´ill 2 CD-ROM |
| 650 #7 - SUBJECT ADDED ENTRY--TOPICAL TERM | |
| Topical term or geographic name entry element | Electronic circuits |
| 650 #7 - SUBJECT ADDED ENTRY--TOPICAL TERM | |
| Topical term or geographic name entry element | Microelectronics |
| 650 #7 - SUBJECT ADDED ENTRY--TOPICAL TERM | |
| Topical term or geographic name entry element | Integrated circuits |
| 650 #7 - SUBJECT ADDED ENTRY--TOPICAL TERM | |
| Topical term or geographic name entry element | Microelectronics |
| 9 (RLIN) | 120073 |
| 650 #7 - SUBJECT ADDED ENTRY--TOPICAL TERM | |
| Topical term or geographic name entry element | Microelectronics |
| 9 (RLIN) | 120073 |
| 650 #7 - SUBJECT ADDED ENTRY--TOPICAL TERM | |
| Topical term or geographic name entry element | Electronic circuits |
| 9 (RLIN) | 120074 |
| 650 #7 - SUBJECT ADDED ENTRY--TOPICAL TERM | |
| Topical term or geographic name entry element | Integrated circuits |
| 9 (RLIN) | 120075 |
| 700 1# - ADDED ENTRY--PERSONAL NAME | |
| Personal name | Smith, Kenneth C. |
| 9 (RLIN) | 21575 |
| 830 #0 - SERIES ADDED ENTRY--UNIFORM TITLE | |
| Uniform title | HRW series in electrical and computer engineering |
| 9 (RLIN) | 103696 |
| 942 ## - ADDED ENTRY ELEMENTS (KOHA) | |
| Koha item type | Book |
| Call number prefix | 621.381 SED |
| Source of classification or shelving scheme | |
| Withdrawn status | Lost status | Damaged status | Not for loan | Collection code | Permanent Location | Current Location | Shelving location | Date acquired | Total Checkouts | Total Renewals | Full call number | Barcode | Date last seen | Date last checked out | Price effective from | Koha item type | Source of acquisition | Cost, normal purchase price | Checked out | Source of classification or shelving scheme |
|---|---|---|---|---|---|---|---|---|---|---|---|---|---|---|---|---|---|---|---|---|
| Central Library (CL) | Central Library (CL) | General Stacks | 03/18/2014 | 13 | 1 | 621.381 SED | SEECSD00012 | 05/30/2025 | 04/01/2024 | 01/05/2017 | Book | |||||||||
| Central Library (CL) | Central Library (CL) | General Stacks | 06/12/2004 | 15 | 5 | 621.381 SED | SEECS004559 | 12/16/2019 | 12/16/2019 | 01/05/2017 | Book | Multi-Line Books | 748.66 | 03/05/2020 | ||||||
| Central Library (CL) | Central Library (CL) | General Stacks | 06/12/2004 | 621.381 SED | SEECS004561 | 06/05/2013 | 06/05/2013 | Book | Multi-Line Books | 748.66 | ||||||||||
| Computer Science | Central Library (CL) | Central Library (CL) | Electronics | 01/23/2024 | 4 | 3 | 621.381 SED | CL-D-2584 | 10/20/2025 | 10/20/2025 | 01/23/2024 | Book | Donation | 11/19/2025 | ||||||
| Central Library (CL) | Central Library (CL) | 03/18/2024 | 621.381 | QRCODE-D2584 | 03/18/2024 | 03/18/2024 | Book |
